Library Banner

Sarmaayah daaraana nizaam (Urdu) (Record no. 41861)

MARC details
000 -LEADER
fixed length control field 00473nam a2200181Ia 4500
001 - CONTROL NUMBER
control field 43861
008 - FIXED-LENGTH DATA ELEMENTS--GENERAL INFORMATION
fixed length control field 140425s9999 xx 000 0 und d
020 ## - INTERNATIONAL STANDARD BOOK NUMBER
International Standard Book Number NA
040 ## - CATALOGING SOURCE
Transcribing agency PK-LaUMT
082 ## - DEWEY DECIMAL CLASSIFICATION NUMBER
Classification number RHC 330.122
Item number AHM-S
100 ## - MAIN ENTRY--PERSONAL NAME
Personal name Ahmad, Muhammad
245 ## - TITLE STATEMENT
Title Sarmaayah daaraana nizaam (Urdu)
Remainder of title ek tanqeedi jaaiza
Statement of responsibility, etc Ahmad, Muhammad
260 ## - PUBLICATION, DISTRIBUTION, ETC. (IMPRINT)
Place of publication, distribution, etc Karachi,Pakistani:
Name of publisher, distributor, etc Islami Kutab Khana,
Date of publication, distribution, etc 2009
300 ## - PHYSICAL DESCRIPTION
Extent 286 p.
546 ## - LANGUAGE NOTE
Language note UR
650 ## - SUBJECT ADDED ENTRY--TOPICAL TERM
Topical term or geographic name as entry element Capitalism
942 ## - ADDED ENTRY ELEMENTS (KOHA)
Koha item type Books
Holdings
Withdrawn status Lost status Damaged status Not for loan Home library Current library Date acquired Total Checkouts Full call number Barcode Date last seen Date checked out Price effective from Koha item type
        UMT Main Campus UMT Main Campus 2014-04-25 3 RHC 330.122 AHM-S 47426 2016-05-07 2016-04-25 2014-05-06 Books